书目信息 |
| 题名: |
公路工程造价与控制
|
|
| 作者: | 高峰 , 周世生 , 张求书 主编 | |
| 分册: | ||
| 出版信息: | 北京 北京理工大学出版社 2009.06 |
|
| 页数: | 389页 | |
| 开本: | 26cm | |
| 丛书名: | ||
| 单 册: | ||
| 中图分类: | U415.13 | |
| 科图分类: | ||
| 主题词: | 道路工程--dao lu gong cheng--工程造价--高等学校--技术学校--教材 | |
| 电子资源: | ||
| ISBN: | 978-7-5640-2279-2 | |
| 000 | 01110nam0 2200277 450 | |
| 001 | 012010048000 | |
| 005 | 20100624180504.43 | |
| 010 | @a978-7-5640-2279-2@dCNY45.00 | |
| 100 | @a20100624d2009 em y0chiy0120 ea | |
| 101 | 0 | @achi |
| 102 | @aCN@b110000 | |
| 105 | @aak a 000yy | |
| 106 | @ar | |
| 200 | 1 | @a公路工程造价与控制@Agong lu gong cheng zao jia yu kong zhi@f高峰, 周世生, 张求书主编@Fgao feng,zhou shi sheng,zhang qiu shu zhu bian |
| 210 | @a北京@c北京理工大学出版社@d2009.06 | |
| 215 | @a389页@c图@d26cm | |
| 300 | @a21世纪高职高专规划教材·交通类 | |
| 320 | @a有书目 | |
| 330 | @a本书依据新编的公路工程基本建设项目概算预算编制办法、公路工程概算定额、公路工程预算定额及机械台班费用定额编制,全面介绍了公路工程造价原理及其工程造价的编制,并专门介绍了公路工程造价软件(纵横SmartCost)的应用。 | |
| 606 | 0 | @a道路工程@Adao lu gong cheng@x工程造价@x高等学校@x技术学校@j教材 |
| 690 | @aU415.13@v4 | |
| 701 | 0 | @a高峰@Agao feng@4主编 |
| 701 | 0 | @a周世生@Azhou shi sheng@4主编 |
| 701 | 0 | @a张求书@Azhang qiu shu@4主编 |
| 801 | 0 | @aCN@bQSSK@c20100624 |
| 905 | @b783396-98@dU415.13@eG122@f3 | |
| 公路工程造价与控制/高峰, 周世生, 张求书主编.-北京:北京理工大学出版社,2009.06 |
| 389页:图;26cm |
| 21世纪高职高专规划教材·交通类 |
| ISBN 978-7-5640-2279-2:CNY45.00 |
| 本书依据新编的公路工程基本建设项目概算预算编制办法、公路工程概算定额、公路工程预算定额及机械台班费用定额编制,全面介绍了公路工程造价原理及其工程造价的编制,并专门介绍了公路工程造价软件(纵横SmartCost)的应用。 |
| ● |
| 相关链接 |
|
|
|
正题名:公路工程造价与控制
索取号:U415.13/G122
 
预约/预借
| 序号 | 登录号 | 条形码 | 馆藏地/架位号 | 状态 | 备注 |
| 1 | 0783397 | 207833978 | 自科库501/501自科库 52排2列1层/ | 在馆 | |
| 2 | 783396 | 207833969 | 期刊室512/501自科库 52排2列1层/ [索取号:U415.13/G122] | 在馆 | |
| 3 | 783398 | 207833987 | 自科库501/501自科库 52排2列1层/ [索取号:U415.13/G122] | 在馆 |